Most valuable U.S. housing markets - Statistics

General Stats
  • This quiz has been taken 602 times
  • The average score is 9 of 10
Answer Stats
Market Value (trillion $) Percent change from 2022 State % Correct
3.690 -0.2% New York
99%
10.175 -3.3% California
92%
3.846 +4.3% Florida
91%
1.706 -3.9% Washington
91%
3.390 +1.5% Texas
90%
1.734 +4.1% Massachusetts
82%
1.848 +13.1% New Jersey
80%
1.567 +6.0% Pennsylvania
80%
1.383 +6.0% Virginia
80%
1.417 +3.9% North Carolina
76%
No matching quizzes found
Score Distribution
Percent of People with Each Score
Percentile by Number Answered
Your Score History
You have not taken this quiz